000 00437nam a2200181Ia 4500
001 21053
005 20260306172851.0
008 260306t2005||||xx |||||||||||||| ||spa||
041 _aESP
082 _a344
_bJ54A
100 _aJiménez de Asúa, Luis
_eAUT
245 0 _aDerecho penal:
_bCriminología y otros temas penales
260 _c2005
300 _a
_c28 cm.
650 _aGEN
654 _aCDE
942 _cLIB
_dJUS
_fJUS
_2ddc
_n
999 _c21053
_d21053